| 000 | 00686nam a22002057a 4500 | ||
|---|---|---|---|
| 005 | 20180507102223.0 | ||
| 010 | _aENG-122509 | ||
| 020 |
_a9789339220914 _c650.00 |
||
| 035 | _aEN-106041 | ||
| 037 | _bDBAD/PUB | ||
| 082 | _a535 | ||
| 100 | _aGhatak, Ajoy | ||
| 245 |
_aOptics / _cby Ajoy Ghatak |
||
| 250 | _a6th ed. | ||
| 260 |
_aChennai _bTata McGraw Hill Education (India) Private Limited _c2018 |
||
| 270 |
_a444/1, Sri Ekambara Naicker Industrial Estate, Alapakkam, Porur, _bChennai (Tamil Nadu) _e600116 |
||
| 300 |
_avarious pages. _bill. picture _c25cm(pbk) |
||
| 500 | _aInclude references, suggested reading [and] index | ||
| 942 |
_2ddc _cEN _mGHA _h535 |
||
| 999 |
_c150851 _d150851 |
||